Normal view
MARC view
- Sarde Philippe
Entry Personal Name
001 - CONTROL NUMBER
- control field: 48181
003 - CONTROL NUMBER IDENTIFIER
- control field: IT-RoPau
005 - DATE AND TIME OF LATEST TRANSACTION
- control field: 20151201121147.0
008 - FIXED-LENGTH DATA ELEMENTS
- fixed length control field: 151201|| aca||aabn | a|a d
040 ## - CATALOGING SOURCE
- Original cataloging agency: IT-RoPau
- Transcribing agency: IT-RoPau
100 ## - HEADING--PERSONAL NAME
- Personal name: Sarde Philippe
- Relator term: (musica)
- Miscellaneous information: Codice Musica SPICS: 11145
670 ## - SOURCE DATA FOUND
- Source citation: Work cat.: (IT-RoPau)106684: Polanski Roman Codice regista SPICS: 1627 48177, TESS TESS (Rif. Codice opera principale : V0836)